World Cup Tile Select Quiz 2026 - Statistics

General Stats
  • This quiz has been taken 5 times
  • The average score is 66 of 108
Answer Stats
Question Tile Select % Correct
Teams in Group A Albania No
100%
Teams in Group A China No
100%
Teams in Group A Czech Republic Yes
100%
Teams in Group A Mexico Yes
100%
Teams in Group C Brazil Yes
80%
Teams in Group B Canada Yes
80%
Teams in Group C Colombia No
80%
Teams in Group C Dominican Republic No
80%
Teams in Group B France No
80%
Teams in Group C Guatemala No
80%
Teams in Group C Haiti Yes
80%
Teams in Group C India No
80%
Teams in Group A Italy No
80%
Teams in Group A Japan No
80%
Teams in Group C Morocco Yes
80%
Teams in Group B Scotland No
80%
Teams in Group C Scotland Yes
80%
Teams in Group B Spain No
80%
Teams in Group B Switzerland Yes
80%
Teams in Group C Uruguay No
80%
Teams in Group H Afghanistan No
60%
Teams in Group L Albania No
60%
Teams in Group J Algeria Yes
60%
Teams in Group I Angola No
60%
Teams in Group J Argentina Yes
60%
Teams in Group K Argentina No
60%
Teams in Group E Aruba No
60%
Teams in Group D Australia Yes
60%
Teams in Group E Australia No
60%
Teams in Group J Austria Yes
60%
Teams in Group G Belgium Yes
60%
Teams in Group H Belgium No
60%
Teams in Group B Bosnia and Herzegovina Yes
60%
Teams in Group H Cape Verde Yes
60%
Teams in Group I Chile No
60%
Teams in Group K Colombia Yes
60%
Teams in Group J Croatia No
60%
Teams in Group L Croatia Yes
60%
Teams in Group E Curaçao Yes
60%
Teams in Group B D. R. C. No
60%
Teams in Group K D. R. C Yes
60%
Teams in Group E Ecuador Yes
60%
Teams in Group L England Yes
60%
Teams in Group I Ethiopia No
60%
Teams in Group D France No
60%
Teams in Group I France Yes
60%
Teams in Group K France No
60%
Teams in Group E Germany Yes
60%
Teams in Group L Ghana Yes
60%
Teams in Group L Greece No
60%
Teams in Group F Indonesia No
60%
Teams in Group G Iran Yes
60%
Teams in Group J Iran No
60%
Teams in Group I Iraq Yes
60%
Teams in Group D Ireland No
60%
Teams in Group F Japan Yes
60%
Teams in Group J Jordan Yes
60%
Teams in Group L Mali No
60%
Teams in Group J Montenegro No
60%
Teams in Group F Netherlands Yes
60%
Teams in Group L Nicaragua No
60%
Teams in Group L Niger No
60%
Teams in Group F Norway No
60%
Teams in Group I Norway Yes
60%
Teams in Group K Oman No
60%
Teams in Group G Pakistan No
60%
Teams in Group L Panama Yes
60%
Teams in Group D Paraguay Yes
60%
Teams in Group J Paraguay No
60%
Teams in Group E Peru No
60%
Teams in Group A Portugal No
60%
Teams in Group G Portugal No
60%
Teams in Group K Portugal Yes
60%
Teams in Group J Republic of the Congo No
60%
Teams in Group G Scotland No
60%
Teams in Group I Senegal Yes
60%
Teams in Group A South Africa Yes
60%
Teams in Group A South Korea Yes
60%
Teams in Group H Spain Yes
60%
Teams in Group D Sri Lanka No
60%
Teams in Group K Suriname No
60%
Teams in Group F Sweden Yes
60%
Teams in Group F Taiwan No
60%
Teams in Group I U. A. E. No
60%
Teams in Group F Ukraine No
60%
Teams in Group D United States of America Yes
60%
Teams in Group H Uruguay Yes
60%
Teams in Group H Uzbekistan No
60%
Teams in Group K Uzbekistan Yes
60%
Teams in Group H Vanuatu No
60%
Teams in Group K Venezuela No
60%
Teams in Group D Vietnam No
60%
Teams in Group E Wallis and Futuna No
60%
Teams in Group I Yemen No
60%
Teams in Group D Egypt No
40%
Teams in Group G Egypt Yes
40%
Teams in Group B Iran No
40%
Teams in Group E Ivory Coast Yes
40%
Teams in Group E New Zealand No
40%
Teams in Group B Qatar Yes
40%
Teams in Group H Saudi Arabia Yes
40%
Teams in Group F South Africa No
40%
Teams in Group H South Korea No
40%
Teams in Group F Tunisia Yes
40%
Teams in Group D Türkiye Yes
40%
Teams in Group G Austria No
20%
Teams in Group G New Zealand No
20%
Teams in Group G Netherlands Yes
0%
No matching quizzes found
Score Distribution
Percent of People with Each Score
Percentile by Number Answered
Your Score History
You have not taken this quiz